[Event "Sparkassen-Open A"]
[Site "Heusenstamm, Martinsee"]
[Date "2024.11.22"]
[Round "3.48"]
[White "Hofmann, André"]
[Black "Neff, Oliver"]
[Result "0-1"]
[WhiteElo "1590"]
[BlackElo "1700"]
[PlyCount "67"]
[EventDate "2024.11.21"]
[WhiteTeam "Düsseldorfer Schachverein 1854"]
[BlackTeam "SG Wartturm Schaafheim"]

1. d4 e6 2. Bf4 Nf6 3. Nc3 Bb4 4. Qd3 Bxc3+ 5. Qxc3 Nd5 6. Qf3 Nc6 7. O-O-O Qf6 8. e3 Nxf4 9. Qxf4 Qxf4 10. exf4 d5 11. Nf3 f6 12. Bb5 Bd7 13. Rhe1 Kf7 14. Re3 a6 15. Bxc6 Bxc6 16. Rde1 Rhe8 17. g4 h6 18. h4 Bd7 19. g5 hxg5 20. fxg5 Rac8 21. gxf6 gxf6 22. Rh1 Rg8 23. Rh2 Rg4 24. c3 b6 25. Re1 c5 26. dxc5 bxc5 27. Kd2 Rcg8 28. Kc2 e5 29. Nd2 Rg2 30. Reh1 Bf5+ 31. Kb3 R2g4 32. h5 Rb8+ 33. Ka3 Bd7 34. Nb3 0-1

[Event "Sparkassen-Open A"]
[Site "Heusenstamm, Martinsee"]
[Date "2024.11.22"]
[Round "3.49"]
[White "Tomovski, Leon"]
[Black "Kirchner, Stefan"]
[Result "0-1"]
[WhiteElo "1495"]
[BlackElo "1699"]
[PlyCount "106"]
[EventDate "2024.11.21"]
[WhiteTeam "Karlsruher SF 1853"]
[BlackTeam "SF Schöneck"]

1. e4 e6 2. d4 d5 3. Nc3 Nf6 4. Bg5 Be7 5. Nf3 dxe4 6. Bxf6 Bxf6 7. Nxe4 Be7 8. Bd3 Nc6 9. c3 h6 10. O-O b6 11. Bb5 Bb7 12. Ne5 Qd5 13. Ng3 Qxb5 14. Qf3 Bf6 15. a4 Qd5 16. Qxd5 exd5 17. Rfe1 O-O 18. Nh5 Bxe5 19. dxe5 Rfe8 20. f4 Re6 21. Re3 Rae8 22. Rae1 d4 23. cxd4 Nxd4 24. f5 Nxf5 25. Rc3 c5 26. Rd3 Rxe5 27. Rxe5 Rxe5 28. Rd7 Re7 29. Rd8+ Kh7 30. Kf2 Nd4 31. b4 Re2+ 32. Kg1 Rxg2+ 33. Kf1 Rxh2 34. Nf4 Rh4 35. Nd3 cxb4 36. Nxb4 Ne6 37. Rd7 Rxb4 38. Rxb7 Rxa4 39. Ke2 Kg6 40. Rd7 h5 41. Rd1 Kg5 42. Rg1+ Rg4 43. Ra1 a5 44. Rb1 Rb4 45. Rg1+ Kf5 46. Rf1+ Nf4+ 47. Ke3 g5 48. Rh1 h4 49. Rg1 g4 50. Rh1 h3 51. Rg1 h2 52. Rh1 g3 53. Kf3 Rb3# 0-1

[Event "Sparkassen-Open A"]
[Site "Heusenstamm, Martinsee"]
[Date "2024.11.22"]
[Round "3.50"]
[White "Stojanoski, Stefan"]
[Black "Jeuken, Thomas"]
[Result "0-1"]
[WhiteElo "1659"]
[BlackElo "1583"]
[PlyCount "52"]
[EventDate "2024.11.21"]
[WhiteTeam "SAbt TuS Makkabi Ffm"]
[BlackTeam "Schachverein Opladen 1922 e. V."]

1. e4 e6 2. d4 d5 3. Nc3 c6 4. Be3 dxe4 5. Nxe4 Nf6 6. Nxf6+ Qxf6 7. Nf3 h6 8. Be2 Nd7 9. O-O Bd6 10. Bd2 e5 11. dxe5 Nxe5 12. Bc3 Nxf3+ 13. Bxf3 Qd8 14. Re1+ Be6 15. Bxg7 Rg8 16. Bc3 Qd7 17. g3 O-O-O 18. Qc1 Bc5 19. b4 Rxg3+ 20. Bg2 Rxg2+ 21. Kxg2 Rg8+ 22. Kf1 Bc4+ 23. Re2 Qh3+ 24. Ke1 Rg1+ 25. Kd2 Qd7+ 26. Bd4 Qxd4# 0-1

[Event "Sparkassen-Open A"]
[Site "Heusenstamm, Martinsee"]
[Date "2024.11.22"]
[Round "3.51"]
[White "Lüders, Eric"]
[Black "Kim, David"]
[Result "0-1"]
[WhiteElo "1651"]
[BlackElo "1568"]
[PlyCount "80"]
[EventDate "2024.11.21"]
[WhiteTeam "SF Hünstetten"]
[BlackTeam "SV 1920 Hofheim"]

1. e4 c5 2. Nf3 e6 3. c3 d5 4. exd5 Qxd5 5. d4 Nc6 6. Be3 cxd4 7. Nxd4 Nxd4 8. Bxd4 Ne7 9. Be2 Nf5 10. Bf3 Qd7 11. Be5 Qxd1+ 12. Kxd1 Bd6 13. Re1 f6 14. Bxd6 Nxd6 15. Nd2 O-O 16. Kc2 Rb8 17. Rad1 e5 18. Bd5+ Nf7 19. Kc1 b6 20. Ne4 Bb7 21. Bb3 Kh8 22. Bxf7 Rxf7 23. Nd6 Rd7 24. Nxb7 Rbxb7 25. Re2 Rxd1+ 26. Kxd1 Rd7+ 27. Rd2 Rxd2+ 28. Kxd2 Kg8 29. Kd3 Kf7 30. Kc4 Ke6 31. b4 a6 32. a4 Kd6 33. Kd3 f5 34. c4 Kc6 35. g3 a5 36. c5 axb4 37. cxb6 Kxb6 38. Kc4 Ka5 39. Kb3 e4 40. h3 g5 0-1

[Event "Sparkassen-Open A"]
[Site "Heusenstamm, Martinsee"]
[Date "2024.11.22"]
[Round "3.54"]
[White "Haftmann, Rainer"]
[Black "Dick, Markus"]
[Result "1-0"]
[WhiteElo "1809"]
[BlackElo "1589"]
[PlyCount "114"]
[EventDate "2024.11.21"]
[WhiteTeam "SAbt SG 1945 Dietzenbach"]
[BlackTeam "SV 1934 Ffm-Griesheim"]

1. e4 e5 2. Nf3 Nc6 3. Bb5 f5 4. d3 fxe4 5. dxe4 Nf6 6. Nc3 Bb4 7. Bd2 d6 8. Qe2 O-O 9. O-O-O a6 10. Bc4+ Kh8 11. Nd5 Bxd2+ 12. Rxd2 b5 13. Bb3 Na5 14. Kb1 Nxb3 15. cxb3 Nxe4 16. Rc2 Nc5 17. b4 Ne6 18. Ka1 Bb7 19. Qd2 Rc8 20. h4 Nf4 21. Nxf4 Rxf4 22. Ng5 Qf6 23. f3 h6 24. Nh3 Rxh4 25. Rhc1 Rd4 26. Qf2 Qf7 27. a3 Bd5 28. Rd2 Rxd2 29. Qxd2 Bc4 30. Nf2 Qf4 31. Qe2 c5 32. bxc5 Rxc5 33. Ne4 Rd5 34. Rd1 Rxd1+ 35. Qxd1 d5 36. Nd6 Qd4 37. Qc1 Kg8 38. Nf5 Qf2 39. Ne3 Kh7 40. Qb1+ Kh8 41. Nxc4 bxc4 42. Qg6 Qe1+ 43. Ka2 a5 44. Qe8+ Kh7 45. f4 e4 46. Qe5 Qg3 47. Qf5+ Kg8 48. Qxd5+ Kf8 49. Qf5+ Kg8 50. Qd5+ Kh7 51. Qxe4+ Qg6 52. f5 Qf7 53. Kb1 g6 54. g4 h5 55. fxg6+ Qxg6 56. Qxg6+ Kxg6 57. gxh5+ Kxh5 1-0

[Event "Sparkassen-Open A"]
[Site "Heusenstamm, Martinsee"]
[Date "2024.11.22"]
[Round "3.55"]
[White "Steinke, Hans-Jörg"]
[Black "Kanagaraj, Thangavelu"]
[Result "1-0"]
[WhiteElo "1742"]
[BlackElo "1580"]
[PlyCount "111"]
[EventDate "2024.11.21"]
[WhiteTeam "Schachverein Erkenschwick 1923 e"]
[BlackTeam "TSV Schott Mainz"]

1. d4 d5 2. c4 c6 3. Nf3 Bg4 4. e3 Nf6 5. Nc3 Nbd7 6. cxd5 Nxd5 7. Nxd5 cxd5 8. Qb3 Nb6 9. Ne5 Bc8 10. Bb5+ Nd7 11. Qxd5 e6 12. Bxd7+ Bxd7 13. Qxb7 Qc8 14. Qf3 Bb4+ 15. Bd2 Bxd2+ 16. Kxd2 O-O 17. Rhc1 Qe8 18. Rc7 Bb5 19. Rxf7 Rxf7 20. Nxf7 Bc6 21. Nd6 Qd7 22. Qf7+ Qxf7 23. Nxf7 Kxf7 24. f3 Rb8 25. b3 Kf6 26. Rc1 Bb5 27. Rc5 Bf1 28. g3 Ba6 29. e4 Rd8 30. Ke3 h6 31. d5 Bc8 32. Rc6 Bd7 33. Ra6 Ra8 34. f4 g6 35. g4 Kf7 36. dxe6+ Bxe6 37. f5 gxf5 38. gxf5 Bc8 39. Rxh6 Kg7 40. Rd6 Rb8 41. Rd8 Kf7 42. h4 Ke7 43. Rg8 Kf7 44. Rg6 Bxf5 45. exf5 Re8+ 46. Re6 Rc8 47. Rg6 Rc3+ 48. Kf4 Rh3 49. Rg7+ Kf6 50. Rg6+ Kf7 51. Kg4 Rh2 52. b4 Rg2+ 53. Kh5 Rf2 54. f6 Rf5+ 55. Kg4 Kxg6 56. f7 1-0

[Event "Sparkassen-Open A"]
[Site "Heusenstamm, Martinsee"]
[Date "2024.11.22"]
[Round "3.56"]
[White "Verin, Eric"]
[Black "Baumgart, Jost"]
[Result "0-1"]
[WhiteElo "1693"]
[BlackElo "1569"]
[PlyCount "72"]
[EventDate "2024.11.21"]
[WhiteTeam "SC Bergen-Enkheim 1922"]
[BlackTeam "SK Marburg 1931/72"]

1. e4 d5 2. exd5 Qxd5 3. Nc3 Qa5 4. Nf3 Nf6 5. Be2 Bf5 6. O-O e6 7. d4 c6 8. Bd3 Bd6 9. Re1 Bg4 10. Be2 Qh5 11. g3 c5 12. d5 O-O 13. dxe6 fxe6 14. Qxd6 Bxf3 15. Qxe6+ Kh8 16. Bxf3 Qxf3 17. Bf4 Nbd7 18. Re3 Qh5 19. h4 Nb6 20. Re5 Qf3 21. Rg5 Rae8 22. Qd6 Na4 23. Nxa4 Ne4 24. Qxf8+ Rxf8 25. Rf1 Nxg5 26. Bxg5 Qe4 27. Nxc5 Qxc2 28. Nxb7 Qxb2 29. Nd6 Qxa2 30. f4 Qd5 31. Be7 Rb8 32. f5 a5 33. g4 Qd4+ 34. Rf2 Rb1+ 35. Kg2 Qxg4+ 36. Kh2 Qg1+ 0-1

[Event "Sparkassen-Open A"]
[Site "Heusenstamm, Martinsee"]
[Date "2024.11.22"]
[Round "3.57"]
[White "Kanagaraj, Aarav"]
[Black "Müller, Jens"]
[Result "1/2-1/2"]
[WhiteElo "1572"]
[BlackElo "1684"]
[PlyCount "26"]
[EventDate "2024.11.21"]
[WhiteTeam "TSV Schott Mainz"]
[BlackTeam "SV 1920 Hofheim"]

1. Nf3 d5 2. d4 Nf6 3. g3 c6 4. Bg2 Bg4 5. O-O e6 6. Nbd2 Bd6 7. c4 O-O 8. Re1 Nbd7 9. e4 dxe4 10. Nxe4 Nxe4 11. Rxe4 Nf6 12. Re1 h6 13. Be3 Qc7 1/2-1/2

[Event "Sparkassen-Open A"]
[Site "Heusenstamm, Martinsee"]
[Date "2024.11.22"]
[Round "3.58"]
[White "Barth, Horst"]
[Black "El-Lawindy, Asem"]
[Result "1/2-1/2"]
[WhiteElo "1538"]
[BlackElo "1680"]
[PlyCount "60"]
[EventDate "2024.11.21"]
[WhiteTeam "Sfr.Mainz 1928"]
[BlackTeam "VSG 1880 Offenbach"]

1. d4 d5 2. c4 dxc4 3. e4 e6 4. Nc3 c5 5. dxc5 Qxd1+ 6. Nxd1 Bxc5 7. Bxc4 Ne7 8. Nf3 Nbc6 9. Bb3 Bb4+ 10. Bd2 O-O 11. a3 Bxd2+ 12. Kxd2 Ng6 13. Ke3 Nce5 14. Nxe5 Nxe5 15. Ba2 Bd7 16. Rc1 Rac8 17. Nc3 Nc4+ 18. Bxc4 Rxc4 19. Rhd1 Bc6 20. f3 Rc5 21. g4 Be8 22. b4 Rc7 23. Ne2 Rxc1 24. Rxc1 f5 25. Rc8 fxg4 26. f4 Bc6 27. Rxf8+ Kxf8 28. Nd4 Bd7 29. e5 g6 30. Nb3 b6 1/2-1/2

[Event "Sparkassen-Open A"]
[Site "Heusenstamm, Martinsee"]
[Date "2024.11.22"]
[Round "3.59"]
[White "Wilczek, Jan-Philipp"]
[Black "Englert, Ann"]
[Result "1/2-1/2"]
[WhiteElo "1678"]
[BlackElo "1567"]
[PlyCount "54"]
[EventDate "2024.11.21"]
[WhiteTeam "SAbt TuS Makkabi Ffm"]
[BlackTeam "TV-Großostheim 1900 e.V."]

1. e4 c5 2. Nf3 Nc6 3. Bc4 g6 4. c3 Bg7 5. d3 Nf6 6. O-O O-O 7. Be3 d6 8. h3 a6 9. a3 b5 10. Ba2 Bb7 11. Nbd2 Nd7 12. Re1 Nde5 13. Nxe5 Nxe5 14. Nf3 Nxf3+ 15. Qxf3 Rc8 16. Bg5 Qd7 17. Rad1 h6 18. Bh4 e6 19. Bf6 Bc6 20. g4 Bxf6 21. Qxf6 Qd8 22. Qxd8 Rcxd8 23. f3 d5 24. e5 d4 25. f4 dxc3 26. bxc3 Bf3 27. Rd2 Bc6 1/2-1/2

[Event "Sparkassen-Open A"]
[Site "Heusenstamm, Martinsee"]
[Date "2024.11.22"]
[Round "3.60"]
[White "Junkers, Günter"]
[Black "Pishnograev, Ilya"]
[Result "0-1"]
[WhiteElo "1496"]
[BlackElo "1667"]
[PlyCount "72"]
[EventDate "2024.11.21"]
[WhiteTeam "SSG Rödermark/Eppertshausen"]
[BlackTeam "SK Bad Homburg 1927"]

1. e4 e5 2. Nf3 Nc6 3. d4 exd4 4. Nxd4 Nf6 5. Qd3 Bc5 6. Nf3 O-O 7. c3 Nxe4 8. Be3 Bxe3 9. fxe3 Re8 10. Be2 d6 11. O-O Bf5 12. Nd4 Nxd4 13. Qxd4 Bg6 14. Nd2 c5 15. Qd5 Re5 16. Qd3 Ng3 17. Qb5 Nxf1 18. Nxf1 b6 19. Rd1 h6 20. Qa4 Qe7 21. Rd2 Rxe3 22. Qc6 Be4 23. Qxd6 Qxd6 24. Rxd6 Rxe2 25. Rd2 Rxd2 26. Nxd2 Bd3 27. Nf3 Re8 28. Kf2 Re2+ 29. Kg1 Rxb2 30. Ne5 Be4 31. Nf3 Bxf3 32. gxf3 Rxa2 33. c4 Rc2 34. Kf1 Rxh2 35. Kg1 Rb2 36. Kf1 a5 0-1

[Event "Sparkassen-Open A"]
[Site "Heusenstamm, Martinsee"]
[Date "2024.11.23"]
[Round "4.1"]
[White "Fang, Borui"]
[Black "Hasenpflug, Till"]
[Result "1-0"]
[WhiteElo "1775"]
[BlackElo "1710"]
[PlyCount "53"]
[EventDate "2024.11.21"]
[WhiteTeam "SV Oberursel"]
[BlackTeam "SK Bad Homburg 1927"]

1. e4 c5 2. Nc3 Nc6 3. g3 g6 4. Bg2 Bg7 5. Nge2 Nf6 6. d3 O-O 7. O-O e6 8. Be3 b6 9. h3 d5 10. exd5 exd5 11. d4 c4 12. b3 cxb3 13. axb3 Ne4 14. Nxe4 dxe4 15. Bxe4 Bxh3 16. Bxc6 Bxf1 17. Kxf1 Rc8 18. Bf3 Qc7 19. c3 h5 20. Kg2 Qe7 21. Qd2 Qe6 22. Nf4 Qxb3 23. Nd5 Kh7 24. Rh1 Rfd8 25. Ne7 Rc7 26. Bxh5 Rxe7 27. Bd1+ 1-0

[Event "Sparkassen-Open A"]
[Site "Heusenstamm, Martinsee"]
[Date "2024.11.23"]
[Round "4.2"]
[White "Nguyen, Minh An"]
[Black "Ziegler, Christopher"]
[Result "1-0"]
[WhiteElo "1708"]
[BlackElo "1733"]
[PlyCount "77"]
[EventDate "2024.11.21"]
[WhiteTeam "SV 1920 Hofheim"]
[BlackTeam "SV 1920 Kelsterbach"]

1. d4 Nf6 2. c3 d6 3. Bf4 Bf5 4. Qb3 Qc8 5. e3 e6 6. Nd2 Be7 7. Be2 Nbd7 8. Bf3 d5 9. Be2 O-O 10. Ngf3 c5 11. Ne5 c4 12. Qd1 Bd6 13. Ng6 Bxg6 14. Bxd6 Re8 15. h3 Qc6 16. Bh2 Qb6 17. Qc1 Ne4 18. Nf3 f6 19. Nh4 Bf7 20. Nf3 Rad8 21. O-O Bg6 22. Nd2 e5 23. Nxe4 Bxe4 24. Qd2 Qc6 25. Rfd1 exd4 26. cxd4 Nb6 27. Qb4 Nc8 28. Rac1 Nd6 29. a4 b5 30. Ra1 Bc2 31. Rdc1 Be4 32. Bxd6 Rxd6 33. axb5 Rb8 34. bxc6 Rxb4 35. c7 Bf5 36. Bg4 Bxg4 37. hxg4 Rc6 38. Rxa7 Rxb2 39. Ra8+ 1-0

[Event "Sparkassen-Open A"]
[Site "Heusenstamm, Martinsee"]
[Date "2024.11.23"]
[Round "4.3"]
[White "Joshi, Kanad"]
[Black "Negru, Maximilian"]
[Result "0-1"]
[WhiteElo "1732"]
[BlackElo "1556"]
[PlyCount "124"]
[EventDate "2024.11.21"]
[WhiteTeam "SV Oberursel"]
[BlackTeam "SK Bad Homburg 1927"]

1. e4 e6 2. d3 d5 3. Nd2 Nf6 4. Ngf3 Nc6 5. c3 a5 6. e5 Nd7 7. d4 f6 8. Bb5 fxe5 9. dxe5 Bc5 10. Nb3 Bb6 11. Bg5 Ne7 12. Nfd4 Bxd4 13. Nxd4 c6 14. Nxe6 Qb6 15. Be3 c5 16. Bxd7+ Bxd7 17. Nxc5 Qxb2 18. Bd4 Bg4 19. c4 Qb4+ 20. Qd2 Qxc4 21. Rc1 Qb4 22. Qxb4 axb4 23. f3 Bf5 24. g4 Bc8 25. Rc2 Nc6 26. Nb3 O-O 27. O-O Rf4 28. Rd2 Ra3 29. Be3 Rc4 30. Rxd5 Rxa2 31. Rc5 Rc3 32. Rxc3 bxc3 33. Rc1 Nxe5 34. Rxc3 Nxf3+ 35. Kf1 Nxh2+ 36. Ke1 Nf3+ 37. Kd1 Bxg4 38. Kc1 Be6 39. Nc5 Bd5 40. Rd3 Bc6 41. Nxb7 Bxb7 42. Rd8+ Kf7 43. Rd7+ Kf6 44. Rxb7 h5 45. Rb4 Ra5 46. Kd1 g5 47. Ke2 Ne5 48. Bd4 Kf5 49. Bxe5 Kxe5 50. Rb8 Kf4 51. Rb4+ Kg3 52. Kf1 Rf5+ 53. Kg1 h4 54. Rb3+ Rf3 55. Rb2 h3 56. Rg2+ Kf4 57. Ra2 Re3 58. Kh2 g4 59. Ra4+ Kf3 60. Ra7 Re2+ 61. Kg1 Re1+ 62. Kh2 g3+ 0-1

[Event "Sparkassen-Open A"]
[Site "Heusenstamm, Martinsee"]
[Date "2024.11.23"]
[Round "4.5"]
[White "Jacobs, Thomas"]
[Black "Carvelli, Nicolas"]
[Result "1-0"]
[WhiteElo "1841"]
[BlackElo "1745"]
[PlyCount "55"]
[EventDate "2024.11.21"]
[WhiteTeam "SV 1929 Raunheim"]
[BlackTeam "SF Seligenstadt 05"]

1. c4 e6 2. Nf3 d5 3. g3 Nf6 4. Bg2 Be7 5. O-O Nbd7 6. Qc2 c6 7. d4 Qc7 8. Bf4 Bd6 9. Bxd6 Qxd6 10. Nbd2 e5 11. c5 Qc7 12. dxe5 Nxe5 13. b4 Nxf3+ 14. Nxf3 Bg4 15. Nd4 Qd7 16. Rfe1 O-O 17. a4 Rfe8 18. e3 Bh5 19. Qb3 Bg6 20. Rad1 Re7 21. Rd2 a5 22. Rb2 axb4 23. Qxb4 Qc7 24. Ra1 Qa5 25. Qb6 Ne4 26. Qxa5 Rxa5 27. Bxe4 dxe4 28. Nxc6 1-0

[Event "Sparkassen-Open A"]
[Site "Heusenstamm, Martinsee"]
[Date "2024.11.23"]
[Round "4.6"]
[White "Bauer, Ottmar"]
[Black "Burow, Roger"]
[Result "1/2-1/2"]
[WhiteElo "1806"]
[BlackElo "1716"]
[PlyCount "49"]
[EventDate "2024.11.21"]
[WhiteTeam "TSV 1869 e. V. Rottendorf"]
[BlackTeam "SV 1920 Kelsterbach"]

1. e4 d5 2. exd5 Nf6 3. c4 e6 4. d4 exd5 5. Nc3 Nc6 6. Nf3 Bg4 7. Qa4 Bxf3 8. gxf3 Bb4 9. Be3 O-O 10. O-O-O Qd7 11. Rg1 Rfe8 12. Rg3 a6 13. Bh3 Qd8 14. Bg5 dxc4 15. Ne4 Be7 16. Qxc4 Nxe4 17. Bxe7 Qxe7 18. fxe4 Qxe4 19. Re3 Qf4 20. Kb1 Rxe3 21. fxe3 Qxe3 22. Rf1 Qe4+ 23. Ka1 Qe7 24. a3 Rd8 25. Rxf7 1/2-1/2

[Event "Sparkassen-Open A"]
[Site "Heusenstamm, Martinsee"]
[Date "2024.11.23"]
[Round "4.7"]
[White "Henn, Jochen"]
[Black "Sikorra, Philipp"]
[Result "0-1"]
[WhiteElo "1693"]
[BlackElo "1801"]
[PlyCount "120"]
[EventDate "2024.11.21"]
[WhiteTeam "SC Bad Nauheim"]
[BlackTeam "SF Schönwald"]

1. e4 c6 2. Nf3 d5 3. exd5 cxd5 4. d4 Nc6 5. c3 Nf6 6. Bb5 Bg4 7. h3 Bxf3 8. Qxf3 e6 9. Bg5 Be7 10. O-O Qb6 11. Qe2 Rc8 12. Na3 O-O 13. Bxf6 Bxf6 14. Bd3 Rfe8 15. Qd2 e5 16. dxe5 Bxe5 17. Bf5 Rcd8 18. Qc2 g6 19. Bg4 Rd6 20. Rfe1 Red8 21. Rab1 Bg7 22. c4 dxc4 23. Nxc4 Qc5 24. Ne3 Qxc2 25. Nxc2 Rd2 26. Rec1 Ne5 27. Ne3 Nxg4 28. hxg4 Bd4 29. Rc7 Bxe3 30. fxe3 R8d7 31. Rc8+ Kg7 32. g5 Re2 33. Re8 Rdd2 34. Rc1 Rxg2+ 35. Kf1 Rxg5 36. Re7 Rf5+ 37. Ke1 Rxb2 38. Rcc7 Rxa2 39. Rxb7 Kh6 40. Rxf7 Rxf7 41. Rxf7 g5 42. e4 Kg6 43. Rf8 h5 44. e5 Ra6 45. Rg8+ Kf5 46. Kf2 Re6 47. Ra8 a6 48. Rh8 h4 49. Rf8+ Kxe5 50. Rg8 Kf4 51. Rf8+ Kg4 52. Rf3 Re5 53. Ra3 a5 54. Ra4+ Kh5 55. Kf3 Rf5+ 56. Kg2 g4 57. Kh2 Rg5 58. Kg2 Kg6 59. Rf4 Rb5 60. Rxg4+ Rg5 0-1

[Event "Sparkassen-Open A"]
[Site "Heusenstamm, Martinsee"]
[Date "2024.11.23"]
[Round "4.8"]
[White "Bardorz, Stefan"]
[Black "Englert, Lin"]
[Result "0-1"]
[WhiteElo "1800"]
[BlackElo "1683"]
[PlyCount "40"]
[EventDate "2024.11.21"]
[WhiteTeam "TSV 1869 e. V. Rottendorf"]
[BlackTeam "TV-Großostheim 1900 e.V."]

1. e4 c5 2. Nc3 Nc6 3. g3 g6 4. Bg2 Bg7 5. f4 e6 6. d3 Nge7 7. Nf3 O-O 8. O-O d5 9. e5 b6 10. Re1 Bb7 11. Bh3 Nf5 12. Nb5 Ba6 13. a4 Qd7 14. c3 Nce7 15. c4 dxc4 16. dxc4 Rfd8 17. Be3 Qxd1 18. Raxd1 Rxd1 19. Rxd1 Nxe3 20. Rd7 Bxb5 0-1

[Event "Sparkassen-Open A"]
[Site "Heusenstamm, Martinsee"]
[Date "2024.11.23"]
[Round "4.9"]
[White "Lingl, Peter"]
[Black "Nain, Medhansh"]
[Result "0-1"]
[WhiteElo "1757"]
[BlackElo "1685"]
[PlyCount "90"]
[EventDate "2024.11.21"]
[WhiteTeam "SC JÄKLECHEMIE Talente Franken e"]
[BlackTeam "Schachforum Darmstadt 1994"]

1. e4 e5 2. Bc4 Nf6 3. d3 Bc5 4. Be3 Bb6 5. Nc3 Nc6 6. Bg5 d6 7. Nd5 Be6 8. Nxf6+ gxf6 9. Bh4 Bxc4 10. dxc4 Rg8 11. Qf3 Nd4 12. Qd3 Rxg2 13. c3 Rg4 14. cxd4 Rxh4 15. Nf3 Rg4 16. O-O-O Qe7 17. dxe5 fxe5 18. Qe2 O-O-O 19. Kb1 Rdg8 20. h4 Rg2 21. Rdf1 Qf6 22. Rhg1 Rxg1 23. Rxg1 Rxg1+ 24. Nxg1 Qxh4 25. Qf3 Qxf2 26. Qg4+ Kd8 27. Nf3 Qf1+ 28. Kc2 Qxc4+ 29. Kb1 Be3 30. a3 h6 31. Nh4 Qf1+ 32. Ka2 Qf4 33. Qg8+ Kd7 34. Ng2 Qxe4 35. Qxf7+ Kc6 36. Nxe3 Qxe3 37. Qe8+ Kb6 38. a4 Qc5 39. b3 Ka5 40. Kb2 Kb4 41. Qg6 Qc3+ 42. Kb1 Kxb3 43. Qe6+ Kb4 44. Qg4+ Qc4 45. Qd7 e4 0-1

[Event "Sparkassen-Open A"]
[Site "Heusenstamm, Martinsee"]
[Date "2024.11.23"]
[Round "4.10"]
[White "Morgenroth, Fabian"]
[Black "Niesel, Sebastian"]
[Result "1-0"]
[WhiteElo "1895"]
[BlackElo "1670"]
[PlyCount "47"]
[EventDate "2024.11.21"]
[WhiteTeam "SC Turm Breuberg"]
[BlackTeam "SV 1934 Ffm-Griesheim"]

1. e4 e5 2. Nf3 Nc6 3. Bc4 Bc5 4. c3 Nf6 5. d4 exd4 6. b4 Bb6 7. e5 d5 8. exf6 dxc4 9. Qe2+ Be6 10. b5 Nb8 11. fxg7 Rg8 12. O-O Qd5 13. cxd4 Rxg7 14. Nc3 Qh5 15. d5 Qg4 16. g3 Nd7 17. dxe6 fxe6 18. Qe4 Qxe4 19. Nxe4 O-O-O 20. Be3 Ba5 21. Rac1 Nb6 22. Nd4 Re7 23. Rfd1 Nd5 24. Bg5 1-0

[Event "Sparkassen-Open A"]
[Site "Heusenstamm, Martinsee"]
[Date "2024.11.23"]
[Round "4.11"]
[White "Raghavan, Badrinarayanan"]
[Black "Kesavan, Sarvesh"]
[Result "1/2-1/2"]
[WhiteElo "1823"]
[BlackElo "1669"]
[PlyCount "35"]
[EventDate "2024.11.21"]
[WhiteTeam "SK 1858 Gießen"]
[BlackTeam "SK Bad Homburg 1927"]

1. d4 Nf6 2. e3 e6 3. Nd2 c5 4. c3 Nc6 5. f4 Qc7 6. Ngf3 d6 7. Bd3 Bd7 8. dxc5 dxc5 9. Nc4 O-O-O 10. Qc2 Nd5 11. Nce5 Be8 12. Bd2 f6 13. Nxc6 Bxc6 14. O-O Bd6 15. Bxh7 g5 16. Bd3 gxf4 17. e4 Ne3 18. Bxe3 1/2-1/2

[Event "Sparkassen-Open A"]
[Site "Heusenstamm, Martinsee"]
[Date "2024.11.23"]
[Round "4.12"]
[White "Englert, Fred"]
[Black "Papadopoulos, Kyriakos"]
[Result "1-0"]
[WhiteElo "1790"]
[BlackElo "1656"]
[PlyCount "128"]
[EventDate "2024.11.21"]
[WhiteTeam "SK 1982 Klingenberg e.V."]
[BlackTeam "VSG 1880 Offenbach"]

1. c4 Nf6 2. g3 c5 3. Nc3 e6 4. Nf3 d5 5. cxd5 exd5 6. d4 Nc6 7. Bg2 Be7 8. O-O O-O 9. b3 Bg4 10. Ne5 cxd4 11. Nxc6 bxc6 12. Qxd4 Bd6 13. Bg5 Bh5 14. Rac1 h6 15. Bxf6 Qxf6 16. Qxf6 gxf6 17. e3 Bb4 18. Na4 Be2 19. Rxc6 Bxf1 20. Kxf1 Kg7 21. Bxd5 Rac8 22. Ra6 Rfd8 23. Bc4 Rc7 24. Nb2 Rd2 25. a3 Bxa3 26. Rxa3 Rxb2 27. Kg2 Rd7 28. h4 f5 29. Ra5 Kg6 30. Bd5 Re7 31. Ra6+ Kg7 32. Ra5 Re5 33. Rb5 Rd2 34. Bc6 Rxb5 35. Bxb5 h5 36. Kf3 Rb2 37. Bc4 f6 38. Be6 a5 39. Bd5 Kf8 40. Bc4 Ke7 41. Bd5 Kd6 42. Bf7 Ke7 43. Bc4 Kd6 44. Bf7 Kc5 45. Bxh5 Rxb3 46. Bf7 Rb4 47. h5 a4 48. h6 Rb8 49. h7 Rh8 50. Bg8 Kd6 51. Kf4 Ke7 52. Kxf5 Kf8 53. Ke4 Rxg8 54. hxg8=R+ Kxg8 55. Kd3 Kf7 56. Kc4 Ke6 57. f3 a3 58. Kb3 Kd5 59. g4 a2 60. Kxa2 Ke5 61. f4+ Kd5 62. Kb3 Ke4 63. Kc4 Kf3 64. g5 fxg5 1-0

[Event "Sparkassen-Open A"]
[Site "Heusenstamm, Martinsee"]
[Date "2024.11.23"]
[Round "4.13"]
[White "Kludszuweit, Kim Ira"]
[Black "Hofmann, Werner"]
[Result "1/2-1/2"]
[WhiteElo "1658"]
[BlackElo "1789"]
[PlyCount "82"]
[EventDate "2024.11.21"]
[WhiteTeam "SF Essen-Werden 1924/"]
[BlackTeam "SV 1920 Kelsterbach"]

1. d4 d5 2. Nf3 c6 3. Bf4 Nf6 4. h3 Bf5 5. Nbd2 e6 6. Ne5 Nbd7 7. e3 Qb6 8. Nb3 c5 9. Rb1 c4 10. Nd2 Rc8 11. Be2 Be7 12. O-O O-O 13. Ndf3 Nxe5 14. Nxe5 Qd8 15. Rc1 a6 16. c3 Qb6 17. g4 Be4 18. f3 Bg6 19. Nxg6 hxg6 20. Qd2 Qc6 21. h4 b5 22. a3 Bd6 23. Bg5 Nh7 24. Kg2 f6 25. Bf4 Bxf4 26. exf4 f5 27. g5 Kf7 28. Rh1 Rh8 29. Rce1 Nf8 30. Bd1 Nd7 31. Bc2 Qd6 32. Kg3 Rh7 33. Re3 Rch8 34. Re2 Rh5 35. Rhh2 a5 36. Bd1 Rb8 37. Bc2 b4 38. axb4 axb4 39. Qe3 b3 40. Bb1 Ra8 41. Re1 Ra4 1/2-1/2

[Event "Sparkassen-Open A"]
[Site "Heusenstamm, Martinsee"]
[Date "2024.11.23"]
[Round "4.14"]
[White "Will, Elina"]
[Black "Neagu, Liviu"]
[Result "1-0"]
[WhiteElo "1650"]
[BlackElo "1781"]
[PlyCount "67"]
[EventDate "2024.11.21"]
[WhiteTeam "TuS Makkabi Wiesbaden"]
[BlackTeam "Wiesbaden"]

1. e4 c5 2. b3 Nf6 3. e5 Nd5 4. c4 Nb6 5. f4 Nc6 6. Nf3 d5 7. Ba3 e6 8. d4 Nb4 9. Bxb4 cxb4 10. c5 Nd7 11. a3 bxa3 12. Rxa3 Nb8 13. b4 Bd7 14. Nc3 Be7 15. Qb1 b6 16. Ra2 bxc5 17. bxc5 Nc6 18. Bb5 Bh4+ 19. g3 Be7 20. Qa1 Nb4 21. Rb2 Bxb5 22. Rxb4 Bc4 23. Nd2 a5 24. Qa4+ Kf8 25. Rb7 Ba6 26. Rb6 Bd3 27. Kf2 f6 28. Rxe6 Kf7 29. Rb6 fxe5 30. Qc6 exd4 31. Qe6+ Kf8 32. Nxd5 Bxc5 33. Rb7 Ba6 34. Qf7# 1-0

[Event "Sparkassen-Open A"]
[Site "Heusenstamm, Martinsee"]
[Date "2024.11.23"]
[Round "4.15"]
[White "Salomov, Asilbek"]
[Black "Al Luwaisi, Moutaz"]
[Result "1-0"]
[WhiteElo "1589"]
[BlackElo "1769"]
[PlyCount "55"]
[EventDate "2024.11.21"]
[WhiteTeam "Aachen"]
[BlackTeam "SC ML Kastellaun"]

1. e4 c6 2. Nc3 d5 3. Nf3 dxe4 4. Nxe4 Nf6 5. Qe2 Nxe4 6. Qxe4 Qd5 7. Qe3 Bf5 8. c3 e6 9. b3 Be7 10. d4 Qd8 11. Bd3 Bxd3 12. Qxd3 O-O 13. h4 c5 14. Be3 Nc6 15. O-O-O cxd4 16. Nxd4 Nxd4 17. Bxd4 Qa5 18. Qg3 f6 19. Kb1 e5 20. Be3 Qxc3 21. Rd7 Rf7 22. Rc1 Qb4 23. Rcc7 Rb8 24. Qf3 e4 25. Qf5 a5 26. Rxe7 Rbf8 27. Rxf7 Rxf7 28. Qe6 1-0